Stratégia udržateľného rozvoja SR diplomová práca

Na minha lista:
Detalhes bibliográficos
Autor principal: Turčina, Pavol
Autor Corporativo: Národohospodárska fakulta EU. Katedra hospodárskej politiky
Outros Autores: Fifeková, Elena
Formato: Livro
Idioma:eslovaco
Publicado em: Bratislava 2009
Tags: Adicionar Tag
Sem tags, seja o primeiro a adicionar uma tag!

MARC

LEADER 00000nam$a2200000$$$4500
001 0095834
005 20240319123857.6
041 0 |a slo 
044 |a SK 
245 1 0 |a Stratégia udržateľného rozvoja SR  |b diplomová práca  |c Pavol Turčina ; škol. Elena Fifeková 
264 1 |a Bratislava  |c 2009 
300 |a 55 s. 
100 1 |a Turčina, Pavol 
700 1 |a Fifeková, Elena 
710 2 |a Národohospodárska fakulta EU. Katedra hospodárskej politiky